000 00847nam a22002537a 4500
005 20170123162351.0
010 _aA-880708
020 _c36.00
035 _aA-880708
037 _bCen Lib/Ret
040 _aDPL
_bUR
082 _a841.08
_bن ع م
100 _aنعمانی، علامہ شبلی
_9137206
245 _a/ موازنہ انیس و دبیر
_cعلامہ شبلی نعمانی
246 _aMarazna Anees w Dabeer /
_bAllama Shabli Nuamani
260 _a نی دہلی
_bادارہ بزم خضرراہ
_c1996
270 _aجامعہ نگر
_bنی دہلی
300 _a304p.
_c16cm(Hb)
650 _aاردو ادب
_9137207
650 _aاردو ادب -- شاعری
_9663
650 _aUrdu literature
_9137208
650 _aUrdu literature - poetry
_9449
942 _2ddc
_cUR
_h841.08
_mن ع م
999 _c109293
_d109293